O ratinho marinheiro (Registo nº 28900)

Detalhes MARC
000 -Etiqueta do registo
Valores 00688cam a2200253 4500
010 ## - Número ISBN
-- 972-26-1904-4
021 ## - Número do Depósito Legal
-- PT
Número 163682701
090 ## -
-- 28900
100 ## - Dados gerais de processamento
Dados gerais 20080417d2001 c y0pory5003 ba
101 0# - Língua de publicação
-- por
102 ## - País de publicação
-- PT
105 ## -
-- a z 001yy
106 ## -
-- r
200 1# - Titulo e menção de responsabilidade
Título próprio O ratinho marinheiro
Primeira menção de responsabilidade Luísa Ducla Soares
Outras menções de responsabilidade il. Maria João Lopes
210 ## - Publicação
Local de publicação Porto
Nome do editor Civilização,
Data de publicação 2001
215 ## - Descrição física 
Paginação / Volumes [30] p.
Outras indicações físicas muito il.,
Dimensões 31 cm
225 2# - Colecção 
Título próprio da colecção Obra completa de Luísa Ducla Soares
675 ## - CDU
Notação 087.5
-- 2104
700 #1 - Autor principal (pessoa individual)
Apelido Soares,
Nome Luísa Ducla,
Datas 1939-
ID Autoridade 2431
702 #1 - Autor secundário (pessoa individual)
Apelido Lopes,
Nome Maria João
-- 440
ID Autoridade 2398
930 ## -
-- BECRE
990 ## - Elementos KOHA
Tipo de documento Livro
995 ## - Localização e informação dos exemplares
-- 18
Exemplares
Situação do levantamento Estado Biblioteca de origem Biblioteca de empréstimo Código de barras Cota Permissão de empréstimo Tipo de documento
  Completo Biblioteca da Escola Básica de Aguiar Biblioteca da Escola Básica de Aguiar 459BA 087.5 SOA Disponível Livro




Powered by Koha